| 000 | 01413nam0a2200373 4500 | ||
|---|---|---|---|
| 001 | RU\NLR\bibl\108250 | ||
| 005 | 20260406163929.0 | ||
| 010 |
_a5-237-03178-1 _98000 |
||
| 021 |
_aRU _b2000-17313 _9827 |
||
| 035 | _a(NLR Aleph) 000105951 | ||
| 090 |
_a599815 _c599815 |
||
| 100 | _a20000914d1999 |||y0rusy50 ca | ||
| 101 | 0 | _arus | |
| 102 | _aRU | ||
| 105 | _aa ||||||||| | ||
| 200 | 1 |
_aБерия _fАнтон Антонов-Овсеенко |
|
| 210 |
_aМ. _cАСТ _d1999 |
||
| 215 |
_a469,[4] с., [16] л. ил., портр. _d22 |
||
| 225 | 1 | _aВсемирная история в лицах | |
| 320 | _aБиблиогр.: с. 456-469 | ||
| 600 | 1 |
_aБерия _bЛ. П. _f1899 - 1953 _gЛаврентий Павлович _jВоспоминания, записки и т.п. _92154913 _3RU\NLR\auth\661297382 |
|
| 686 | _aФ61(2)8 | ||
| 686 | _aТ3(2)7-8 | ||
| 686 | _aЦ68,6(2)-243дБерия,013 | ||
| 700 | 1 |
_4070 _7ca _8rus _aАнтонов-Овсеенко _bА. В. _f1920-2013 _gАнтон Владимирович _9120178 _3RU\NLR\AUTH\7710401 |
|
| 702 | 1 |
_4570 _7ca _8rus _aБерия _bЛ. П. _f1899-1953 _gЛаврентий Павлович _9120179 _3RU\NLR\auth\7710402 |
|
| 801 | 0 |
_aRU _bNLR _c20000914 _gPSBO |
|
| 801 | 1 |
_aRU _bNLR _c20000914 |
|
| 830 | _aАвт. по кн. | ||
| 852 |
_aNLR _j2000-5/2407 |
||
| 942 | _cBOOK | ||
| 980 | _aNB | ||